Philipp Otto Runge oder die Geburt einer neuen Kunst
| Titel: | Philipp Otto Runge oder die Geburt einer neuen Kunst / Jörg Traeger |
|---|---|
| Verfasser: | |
| Beteiligt: | |
| Ausgabe: | Lizenzausgabe |
| Veröffentlicht: | Berlin, Darmstadt, Wien : Dt. Buch-Gemeinschaft, [nach 1977?] |
| Umfang: | 182 Seiten : Illustrationen ; 30 cm |
| Format: | Buch |
| Sprache: | Deutsch |
| RVK-Notation: | |
| Hinweise zum Inhalt: |
Inhaltsverzeichnis
Buch Bibliographie Cover Register |
X
alg: 7561527 001A $06000:30-06-99 001B $01999:26-03-26 $t14:02:29.000 001D $00017:25-10-17 001U $0utf8 001X $00 002@ $0Aau 002C $aText $btxt $2rdacontent 002D $aohne Hilfsmittel zu benutzen $bn $2rdamedia 002E $aBand $bnc $2rdacarrier 003@ $0075615274 003O $0174476345 $aOCoLC 006G $0780574990 006U $078,B13,0272 007A $0780574990 $aDNB 007G $0DE02082FE76BA6F11179FC12587830031C132 009P $qapplication/pdf $A2 $3Inhaltsverzeichnis $uhttps://scans.hebis.de/HEBCGI/show.pl?07561527_toc.pdf $mV:DE-603;B:DE-Mb50 009P $qapplication/pdf $A2 $3Buch Bibliographie $uhttps://scans.hebis.de/HEBCGI/show.pl?07561527_bib.pdf $mV:DE-603;B:DE-Mb50 009P $qapplication/pdf $A2 $3Cover $uhttps://scans.hebis.de/HEBCGI/show.pl?07561527_cov.pdf $mV:DE-603;B:DE-Mb50 009P $qapplication/pdf $A2 $3Register $uhttps://scans.hebis.de/HEBCGI/show.pl?07561527_idx.pdf $mV:DE-603;B:DE-Mb50 010@ $ager 011@ $a1977 $n[nach 1977?] 021A $aPhilipp Otto Runge oder die Geburt einer neuen Kunst $hJörg Traeger 028A $BVerfasser $#Träger, Jörg $#Torēgā, Ieruku $4aut $7119041553 $8Traeger, Jörg$Z1942-2005 [Tp1] $9087381818 028C $#Runge, Philipp Otto $#Runge, Philipp O. $#Runge, Ph. O. $#Runge, P. O. $#Runge, P.O. $#Runge, Otto $7118604155 $8Runge, Philipp Otto$Z1777-1810 [Tp1] $9086945130 032@ $aLizenzausgabe 033A $pBerlin, Darmstadt, Wien $nDt. Buch-Gemeinschaft 034D $a182 Seiten 034I $a30 cm 034M $aIllustrationen 037A $aLizenzausgabe d. Prestel-Verlags, München 037A $aBibliografie Ph. O. Runge S. 178 - 179. 044K $#Runge, Philipp Otto $#Runge, Philipp O. $#Runge, Ph. O. $#Runge, P. O. $#Runge, P.O. $#Runge, Otto $7118604155 $8Runge, Philipp Otto$Z1777-1810 [Tp1] $9086945130 044K $#Werke $#Geistige Schöpfung $74117633-9 $8Werk [Ts1] $9085363626 044K $RGemälde $RMalen $RKunstgattung $#Painting $#Peinture $#Pittura $#Pintura $#Paintings $#Holztafelmalerei $#Tafelbild Malerei $#Tafelmalerei $74037220-0 $8Malerei [Tsz] $9085101273 044K $RMecklenburg-Vorpommern $#Pommern $#Pommern $#Herzogtum Pommern $#Herzogthum Pommern $#Provinz Pommern $#Pomorze $74046744-2 $8Pommern [Tg1] $9085130354 045E $b12a 045F $a709.4381609033 $eDDC23BSB 045F/01 $a709 045F/03 $f09033 045F/03 $f09034 045F/03 $g43816 045Z $8LI 76850 [Tkv] $9409932612 046X $aArchivierung/Langzeitarchivierung gewährleistet $5DE-17 $fPEHE lok: 7561527 8 exp: 7561527 8 1 #EPN 201B/01 $015-12-25 $t09:27:49.000 201C/01 $025-10-17 201U/01 $0utf8 203@/01 $01008743763 208@/01 $a25-10-17 $bz 209A/01 $a77 A 514 $di $f000 $x00 209B/01 $a06 $x05 209G/01 $a18911655 $x00 247C/01 $8611000-9 <17>Darmstadt, TU Darmstadt, Universitäts- und Landesbibliothek - Stadtmitte $9102595879 exp: 7561527 8 2 #EPN 201B/02 $015-12-25 $t09:27:49.000 201C/02 $026-10-20 201U/02 $0utf8 203@/02 $01126568015 206V/02 $0//resolver.hebis.de/retro/original/d9570734 $2https 208@/02 $a26-10-20 $br 209A/02 $a77 A 514 a $du $f000 $x00 209B/02 $a34 $x05 247C/02 $8611000-9 <17>Darmstadt, TU Darmstadt, Universitäts- und Landesbibliothek - Stadtmitte $9102595879 lok: 7561527 15 101B $007-07-06 $t12:23:58.000 101C $007-07-06 145S/01 $a09000 101U $0utf8 exp: 7561527 15 1 #EPN 201B/01 $007-07-06 $t12:23:58.000 201C/01 $007-07-06 203@/01 $0416469000 208@/01 $a07-07-06 $bz 209A/01 $a-Mag- UA 221 $du $f100 $h-MAG- UA 221 $x00 209C/01 $aSTB G 2006/2074 $hSTB G 2006 2074 209G/01 $a02498987 $x00 247C/01 $8655100-2 <123>Worms, Stadtbibliothek Worms $9102600732 201U/01 $0utf8 lok: 7561527 24 exp: 7561527 24 1 #EPN 201B/01 $013-09-21 $t10:50:45.000 201C/01 $010-09-21 201U/01 $0utf8 203@/01 $01167680081 208@/01 $a13-09-21 $bz 209A/01 $a21.04794 $du $f050 $h21 04794 $x00 209C/01 $a21.04794 T $h21 04794 T 209G/01 $a74535640 $x00 220C/01 $ahae 247C/01 $8358050-7Marburg, Bibliothek des Herder-Instituts Marburg $9102600961
| LEADER | 00000cam a2200000 c 4500 | ||
|---|---|---|---|
| 001 | 075615274 | ||
| 003 | DE-603 | ||
| 005 | 20260326140229.0 | ||
| 007 | tu | ||
| 008 | 990630s1977 xx |||| | u00||u|ger | ||
| 015 | |a 78,B13,0272 |2 dnb | ||
| 016 | 7 | |2 DE-101 |a 780574990 | |
| 035 | |a (DE-599)DNB780574990 | ||
| 035 | |a (OCoLC)174476345 | ||
| 040 | |a DE-603 |b ger |c DE-603 |d DE-603 | ||
| 041 | |a ger | ||
| 082 | 0 | 4 | |8 1\u |a 709.4381609033 |q DE-101 |2 23/BSB |
| 084 | |a 12a |q DE-101 |2 sdnb | ||
| 084 | |a LI 76850 |0 (DE-625)97001: |0 (DE-603)409932612 |2 rvk | ||
| 085 | |8 1\u |b 709 | ||
| 085 | |8 1\u |z 1 |s 09033 | ||
| 085 | |8 1\u |z 1 |s 09034 | ||
| 085 | |8 1\u |z 2 |s 43816 | ||
| 100 | 1 | |a Traeger, Jörg |d 1942-2005 |e Verfasser |4 aut |0 (DE-603)087381818 |0 (DE-588)119041553 |2 gnd | |
| 245 | 0 | 0 | |a Philipp Otto Runge oder die Geburt einer neuen Kunst |c Jörg Traeger |
| 250 | |a Lizenzausgabe | ||
| 264 | 1 | |a Berlin, Darmstadt, Wien |b Dt. Buch-Gemeinschaft |c [nach 1977?] | |
| 300 | |a 182 Seiten |b Illustrationen |c 30 cm | ||
| 336 | |a Text |b txt |2 rdacontent | ||
| 337 | |a ohne Hilfsmittel zu benutzen |b n |2 rdamedia | ||
| 338 | |a Band |b nc |2 rdacarrier | ||
| 500 | |a Lizenzausgabe d. Prestel-Verlags, München | ||
| 500 | |a Bibliografie Ph. O. Runge S. 178 - 179. | ||
| 600 | 1 | 7 | |a Runge, Philipp Otto |d 1777-1810 |0 (DE-588)118604155 |0 (DE-603)086945130 |2 gnd |
| 650 | 7 | |a Werk |0 (DE-588)4117633-9 |0 (DE-603)085363626 |2 gnd | |
| 650 | 7 | |a Malerei |0 (DE-588)4037220-0 |0 (DE-603)085101273 |2 gnd | |
| 651 | 7 | |a Pommern |0 (DE-588)4046744-2 |0 (DE-603)085130354 |2 gnd | |
| 700 | 1 | |a Runge, Philipp Otto |d 1777-1810 |0 (DE-603)086945130 |0 (DE-588)118604155 |2 gnd | |
| 856 | 4 | 2 | |m V:DE-603;B:DE-Mb50 |q application/pdf |u https://scans.hebis.de/HEBCGI/show.pl?07561527_toc.pdf |3 Inhaltsverzeichnis |
| 856 | 4 | 2 | |m V:DE-603;B:DE-Mb50 |q application/pdf |u https://scans.hebis.de/HEBCGI/show.pl?07561527_bib.pdf |3 Buch Bibliographie |
| 856 | 4 | 2 | |m V:DE-603;B:DE-Mb50 |q application/pdf |u https://scans.hebis.de/HEBCGI/show.pl?07561527_cov.pdf |3 Cover |
| 856 | 4 | 2 | |m V:DE-603;B:DE-Mb50 |q application/pdf |u https://scans.hebis.de/HEBCGI/show.pl?07561527_idx.pdf |3 Register |
| 924 | 0 | |9 17 |a (DE-603)1008743763 |b DE-17 |c HES |d c |g 77 A 514 | |
| 924 | 0 | |9 17 |a (DE-603)1126568015 |b DE-17 |c HES |d c |g 77 A 514 a | |
| 924 | 0 | |9 123 |a (DE-603)416469000 |b DE-123 |c HES |d c |g -Mag- UA 221 | |
| 924 | 0 | |9 Mb 50 |a (DE-603)1167680081 |b DE-Mb50 |c HES |d c |g 21.04794 | |


